Регионална библиотека "Любен Каравелов" - Русе

Нормален изглед MARC изглед
  • Прашков, Любен Петров

Вход 01. Лично име

Брой записи, използвани в: 4

001 - Контролен номер на записа

  • Контролно поле: 112876

003 - Код на организацията, даваща контролен номер

  • Контролно поле: BLK

005 - Дата и час на последна промяна на записа

  • Контролно поле: 20180412185112.0

008 - Данни с фиксирана дължина – обща информация

  • Данни с фиксирана дължина : 180403n| acnz|abbn | aba d

100 1# - ИМЕ НА ЛИЦЕ -ПЪРВИЧНА ИНТЕЛЕКТУАЛНА ОТГОВОРНОСТ

  • Лично име: Прашков, Любен Петров

942 ## - Системна служебна употреба

  • Koha auth type: PERSO_NAME
Vip Innovations Ltd, Rousse, Bulgaria 2025